00494nam a2200205Ia 4500008004100000020001800041050001400059100002200073245001900095245003800114245002200152260001500174260001600189260000900205300001500214300002700229300001000256440001400266500000800280170918s9999 xx 000 0 und d a9780439696531 bD554 2004 aDiConsiglio, John aIce breaker :  bthe freezing story of Lynne Cox / cJohn DiConsiglio. aNew York : bScholastic, c2004 a28 pages : bcolored illustration ; c19cm. aRead 180. a360